000 00528nam a22001457a 4500
999 _c8082
_d8082
003 OSt
005 20200706121719.0
008 200706b ||||| |||| 00| 0 eng d
020 _a9788842214809
082 _a720
_bMOH
110 _a Mohammad al-Asad w/ Majd Musa (Editor)
245 _aArchitectural criticism and journalism : global perspectives : proceedings of an international seminar organised by the Aga Khan Award for Architecture in association with the Kuwait Society of
260 _b Umberto Allemandi
942 _2ddc